До последнего человека

Dettagli Bibliografici
Autore principale: Воробьев Н. Николай
Riassunto:Конец света может наступить не только из-за атомной войны, от удара астероида или вторжения инопланетян. Человечество совершило чудовищное преступление и должно быть наказано. Приговор вынесен: смерть. И обжалованию не подлежит. Найдется ли у планеты Земля воинство, которое способно защитить семь миллиардов человек от гибели? Каких жертв потребует спасение? И стоит ли нас спасать?
Lingua:russo
Pubblicazione: Санкт-Петербург, Ленинград, 2013
Soggetti:
Natura: MixedMaterials Libro
KOHA link:https://koha.lib.tpu.ru/cgi-bin/koha/opac-detail.pl?biblionumber=269530

MARC

LEADER 00000nam0a2200000 4500
001 269530
005 20231101234249.0
010 |a 9785516000621 
035 |a (RuTPU)RU\TPU\book\292707 
090 |a 269530 
100 |a 20140919d2013 m y0rusy50 ca 
101 0 |a rus 
102 |a RU 
105 |a y z 000ay 
200 1 |a До последнего человека  |f Н. Воробьев 
210 |a Санкт-Петербург  |c Ленинград  |d 2013 
215 |a 428 с. 
330 |a Конец света может наступить не только из-за атомной войны, от удара астероида или вторжения инопланетян. Человечество совершило чудовищное преступление и должно быть наказано. Приговор вынесен: смерть. И обжалованию не подлежит. Найдется ли у планеты Земля воинство, которое способно защитить семь миллиардов человек от гибели? Каких жертв потребует спасение? И стоит ли нас спасать? 
606 1 |a Русская литература современная  |2 stltpush  |3 (RuTPU)RU\TPU\subj\26373  |9 50316 
610 1 |a русская литература 
610 1 |a приключения 
610 1 |a фантастика 
675 |a Р2  |v 3 
700 1 |a Воробьев  |b Н.  |g Николай 
801 1 |a RU  |b 63413507  |c 20140919 
801 2 |a RU  |b 63413507  |c 20140924  |g RCR 
942 |c BK